Normal view
MARC view
Entry Personal Name
001 - CONTROL NUMBER
- control field: 15859
003 - CONTROL NUMBER IDENTIFIER
- control field: OSt
005 - DATE AND TIME OF LATEST TRANSACTION
- control field: 20220303162018.0
008 - FIXED-LENGTH DATA ELEMENTS
- fixed length control field: 220303|| aca||aabn | a|a d
040 ## - CATALOGING SOURCE
- Original cataloging agency: OSt
- Transcribing agency: OSt
100 ## - HEADING--PERSONAL NAME
- Personal name: Pillai, S. Unnikrishna,
- Dates associated with a name: 1955-
670 ## - SOURCE DATA FOUND
- Source citation: Work cat.: (OSt)0: Papoulis, Athanasios, 1921- 15856, Probability, random variables, and stochastic processes /, c2002.
